| 000 | 00410nam a2200169 a 4500 | ||
|---|---|---|---|
| 001 | 1727 | ||
| 003 | CO-ViMGA | ||
| 008 | 141112s2004 ck r 000 u spa d | ||
| 040 |
_aCO-ViMGA _bspa _cCO-ViMGA |
||
| 082 | 0 | 4 | _a863.44 F835n |
| 100 | 1 |
_aFuentes, Carlos _910580 |
|
| 245 | 1 | 0 | _aEl Naranjo |
| 260 |
_aMexico : _bAlfaguara, _c1993 |
||
| 300 | _a253 p | ||
| 650 | 1 | 4 |
_aNOVELA MEXICANA _92492 |
| 942 |
_2ddc _cBK |
||
| 999 |
_c13903 _d13903 |
||